Detalles MARC
| 000 -LEADER |
| campo de control de longitud fija |
02210nam a22003497a 4500 |
| 001 - NÚMERO DE CONTROL |
| campo de control |
42835 |
| 003 - IDENTIFICADOR DE NÚMERO DE CONTROL |
| campo de control |
gtgccic |
| 005 - FECHA Y HORA DE LA ÚLTIMA TRANSACCIÓN |
| campo de control |
20260313114845.0 |
| 007 - CAMPO FIJO DE DESCRIPCIÓN FÍSICA--INFORMACIÓN GENERAL |
| campo de control de longitud fija |
ta |
| 008 - DATOS DE LONGITUD FIJA--INFORMACIÓN GENERAL |
| campo de control de longitud fija |
260313b gt ||||| |||| 00| 0 spa d |
| 040 ## - FUENTE DE CATALOGACIÓN |
| Centro catalogador/agencia de origen |
gtgccic |
| Lengua de catalogación |
spa |
| Centro/agencia transcriptor |
gtgccic |
| Normas de descripción |
rda |
| 084 ## - OTRO NÚMERO DE CLASIFICACIÓN |
| Número de control del registro de autoridad o número normalizado |
TPI-18-0136 |
| 100 10 - ENTRADA PRINCIPAL--NOMBRE DE PERSONA |
| Nombre de persona |
Mayra Virginia Carvajal Castillo |
| Término indicativo de función/relación |
autor |
| 245 10 - MENCIÓN DEL TÍTULO |
| Título |
Análisis de los indicadores del rendimiento académico en los cursos a cargo de la |
| Resto del título |
Escuela de Ciencias durante el período 2010 al 2015, en la Facultad de Ingeniería, USAC. |
| Mención de responsabilidad, etc. |
Carvajal Castillo, Mayra Virginia |
| 264 #1 - PRODUCCIÓN, PUBLICACIÓN, DISTRIBUCIÓN, FABRICACIÓN Y COPYRIGHT |
| Producción, publicación, distribución, fabricación y copyright |
Guatemala : |
| Nombre del de productor, editor, distribuidor, fabricante |
USAC, Facultad de Ingeniería ; |
| Fecha de producción, publicación, distribución, fabricación o copyright |
2018.- |
| 300 ## - DESCRIPCIÓN FÍSICA |
| Extensión |
89 p. : |
| Otras características físicas |
il. ; |
| Dimensiones |
28 cm |
| 336 ## - TIPO DE CONTENIDO |
| Fuente |
rdacontenido |
| Término de tipo de contenido |
Texto |
| Código de tipo de contenido |
txt |
| 337 ## - TIPO DE MEDIO |
| Fuente |
rdamedio |
| Nombre/término del tipo de medio |
sin mediación |
| Código del tipo de medio |
n |
| 338 ## - TIPO DE SOPORTE |
| Fuente |
rdasoporte |
| Nombre/término del tipo de soporte |
volumen |
| Código del tipo de soporte |
nc |
| 502 ## - NOTA DE TESIS |
| Nota de tesis |
Tesis Postgrado |
| Tipo de título |
MAESTRA EN ESTADÍSITICA APLICADA |
| Nombre de la institución que otorga el título |
USAC, Facultad de Ingeniería |
| Año de obtención del título |
2018 |
| Identificador de la tesis |
TPI-18-0136 |
| 504 ## - NOTA DE BIBLIOGRAFÍA, ETC. |
| Nota de bibliografía, etc. Nota |
Bibliografía pag. 81 |
| 505 ## - NOTA DE CONTENIDO CON FORMATO |
| Título |
1. MARCO REFERENCIAL |
| 505 ## - NOTA DE CONTENIDO CON FORMATO |
| Título |
2. MARCO TEÓRICO (Rendimiento académico en el nivel superior) |
| 505 ## - NOTA DE CONTENIDO CON FORMATO |
| Título |
3. PRESENTACIÓN DE RESULTADOS |
| 505 ## - NOTA DE CONTENIDO CON FORMATO |
| Título |
4. DISCUSIÓN DE RESULTADOS |
| 520 ## - RESUMEN, ETC. |
| Sumario, etc. |
El presente estudio busca describir la situación del rendimiento académico de los estudiantes de la Facultad de Ingeniería, en los cursos a cargo de la Escuela de Ciencias, correspondientes al área básica de todas las carreras de Ingeniería.<br/>Dado que, se carece de registros unificados sobre el rendimiento académico del área básica en los últimos cinco años (2010-2015), se hace necesario realizar una evaluación del mismo desde distintos puntos de vista como: área a la que pertenece un curso, tipo de curso, género del estudiante, carrera a la que pertenece el estudiante, entre otros. Se realizó un análisis global del rendimiento académico, en los cursos a cargo de la Escuela de Ciencias, se utilizó pruebas de hipótesis para diferencia de medias, análisis de varianza de un factor, pruebas de independencia y homogeneidad y análisis de regresión. |
| 650 ## - PUNTO DE ACCESO ADICIONAL DE MATERIA--TÉRMINO DE MATERIA |
| Término de materia o nombre geográfico como elemento de entrada |
INDICADORES |
| 650 ## - PUNTO DE ACCESO ADICIONAL DE MATERIA--TÉRMINO DE MATERIA |
| Término de materia o nombre geográfico como elemento de entrada |
ESCUELA DE CIENCIAS |
| 700 ## - ENTRADA AGREGADA--NOMBRE PERSONAL |
| Nombre de persona |
Mtro. Edwin Adalberto Bracamonte Orozco |
| Término indicativo de función/relación |
asesor |
| 942 ## - ELEMENTOS DE ENTRADA SECUNDARIOS (KOHA) |
| Fuente de la clasificación o esquema de estantería |
Clasificación Decimal Dewey |
| Tipo de ítem Koha |
TESISPOSTGRADO |
| 945 ## - PROCESAMIENTO DE INFORMACIÓN LOCAL (OCLC) |
| a |
amlo |